000 00361nam a2200145Ia 4500
008 150201s2013 xx 000 0 und d
082 _a612.015
_bR13V
100 _aVASUDEVEN , D.M.
245 _aREVISON EXERCISES- BASED TB. OF BIOCHEMISTRY
250 _a7TH
260 _bJAYPEE
_aDELHI
_c2013
300 _a1-210
650 _aBIOCHEMISTRY
942 _2ddc
_cBK
999 _c1641
_d1641